000 00473cam a2200193ua 4500
001 3668
005 20260515113718.0
008 111126n ii |||gr||||Z||||||asm
040 _cMAIN
082 _a891.4514
100 _aBorkataky, Biren,
245 1 1 _aSahityar patabhumi
_cby Biren Borkataky
250 _a4th.
260 _aKolkota:
_bAssam book depot,986.
300 _a169p:
_c23cm.
653 _aAssamese literature
653 _aSahityar patabhumi
942 _cBK
999 _c3495
_d3495